[Event "Ustron op-B"]
[Site "Ustron"]
[Date "2021.08.20"]
[Round "9"]
[White "Szadkowski, Krzysztof"]
[Black "Niedbala, Rafal"]
[Result "1-0"]
[WhiteElo "2089"]
[BlackElo "2024"]
[PlyCount "89"]
[EventDate "2021.08.13"]
[EventType "swiss"]
[EventRounds "9"]
[EventCountry "POL"]
[SourceTitle "CBM 204 Extra"]
[Source "ChessBase"]
[SourceDate "2021.11.30"]
[SourceVersion "1"]
[SourceVersionDate "2021.11.30"]
[SourceQuality "1"]

1. e4 c6 2. d4 d5 3. exd5 cxd5 4. c4 Nf6 5. Nc3 e6 6. Nf3 Be7 7. c5 0-0 8. b4 Nc6 9. Rb1 a6 10. a4 Ne4 11. Qc2 a5 12. Nxe4 dxe4 13. Qxe4 axb4 14. Bb5 Bd7 15. 0-0 Rc8 16. Rd1 Qa5 17. Nd2 Qa7 18. Nc4 Rcd8 19. Nb6 Be8 20. Be3 b3 21. Rxb3 Bxc5 22. Bd3 f5 23. Qxe6+ Bf7 24. Qxf5 g6 25. Qxc5 Bxb3 26. Rb1 Bf7 27. Be4 Rfe8 28. Bxc6 bxc6 29. Qxc6 Re6 30. Qc5 Qb7 31. a5 Qe4 32. Rc1 Rb8 33. d5 Re7 34. d6 Re5 35. Qc7 Rf8 36. a6 Qd3 37. Nd7 Rxe3 38. fxe3 Qxe3+ 39. Kh1 Ra8 40. Nf6+ Kg7 41. Ng4 Qf4 42. d7 Qxc7 43. Rxc7 Rxa6 44. h3 Rd6 45. Ne5 1-0

[Event "Ustron op-B"]
[Site "Ustron"]
[Date "2021.08.15"]
[Round "4"]
[White "Posluszny, Tomasz"]
[Black "Szadkowski, Krzysztof"]
[Result "1-0"]
[WhiteElo "1997"]
[BlackElo "2089"]
[PlyCount "69"]
[EventDate "2021.08.13"]
[EventType "swiss"]
[EventRounds "9"]
[EventCountry "POL"]
[SourceTitle "CBM 204 Extra"]
[Source "ChessBase"]
[SourceDate "2021.11.30"]
[SourceVersion "1"]
[SourceVersionDate "2021.11.30"]
[SourceQuality "1"]

1. d4 Nf6 2. Nf3 e6 3. c4 c5 4. d5 exd5 5. cxd5 d6 6. Nc3 g6 7. e4 Bg7 8. Be2 0-0 9. Be3 Ng4 10. Bg5 f6 11. Bd2 f5 12. exf5 Bxf5 13. 0-0 Nd7 14. Ng5 Ndf6 15. h3 Ne5 16. f4 Nd3 17. g4 Nxb2 18. Qb3 Bd3 19. Qxb2 Bxe2 20. Nxe2 Ne4 21. Qxg7+ Kxg7 22. Ne6+ Kf6 23. Nxd8 Nxd2 24. Rfd1 Rfxd8 25. Rxd2 Re8 26. Ng3 b5 27. Rb1 b4 28. Kf2 a5 29. Kf3 c4 30. Ne4+ Ke7 31. Re2 Rec8 32. Rc1 c3 33. Rce1 Kd7 34. Nf6+ Kd8 35. Re7 1-0

[Event "Ustron op-B"]
[Site "Ustron"]
[Date "2021.08.14"]
[Round "2"]
[White "Dzida, Kamil"]
[Black "Szadkowski, Krzysztof"]
[Result "1-0"]
[WhiteElo "2189"]
[BlackElo "2089"]
[PlyCount "71"]
[EventDate "2021.08.13"]
[EventType "swiss"]
[EventRounds "9"]
[EventCountry "POL"]
[SourceTitle "CBM 204 Extra"]
[Source "ChessBase"]
[SourceDate "2021.11.30"]
[SourceVersion "1"]
[SourceVersionDate "2021.11.30"]
[SourceQuality "1"]

1. e4 Nf6 2. e5 Nd5 3. d4 d6 4. c4 Nb6 5. exd6 exd6 6. Nc3 Be7 7. Bd3 Nc6 8. Nge2 Bf6 9. Be3 Bg4 10. f3 Bh5 11. 0-0 Bg6 12. b3 0-0 13. Bxg6 hxg6 14. d5 Ne5 15. Ne4 Re8 16. Bd4 Ng4 17. Nxf6+ Nxf6 18. Nc3 Nbd7 19. Qd2 Nh7 20. Rae1 Qh4 21. Nb5 Rec8 22. Re4 Qh5 23. Re7 Nhf8 24. Rfe1 a6 25. Nc3 Qf5 26. Qe3 g5 27. Ne4 f6 28. Qxg5 Qxg5 29. Nxg5 Ne5 30. Ne6 Nxe6 31. Rxe6 Kf7 32. Re3 g5 33. Re4 Rg8 34. f4 f5 35. Re1 Nd3 36. Rf6+ 1-0

[Event "Ustron op-B"]
[Site "Ustron"]
[Date "2021.08.13"]
[Round "1"]
[White "Szadkowski, Krzysztof"]
[Black "Turski, Bartlomiej"]
[Result "1-0"]
[WhiteElo "2089"]
[BlackElo "1980"]
[PlyCount "65"]
[EventDate "2021.08.13"]
[EventType "swiss"]
[EventRounds "9"]
[EventCountry "POL"]
[SourceTitle "CBM 204 Extra"]
[Source "ChessBase"]
[SourceDate "2021.11.30"]
[SourceVersion "1"]
[SourceVersionDate "2021.11.30"]
[SourceQuality "1"]

1. Nf3 Nf6 2. c4 g6 3. g3 Bg7 4. Bg2 0-0 5. 0-0 c5 6. d4 cxd4 7. Nxd4 d5 8. cxd5 Nxd5 9. Nb5 a6 10. Bxd5 axb5 11. Qb3 Nc6 12. Be3 Nd4 13. Bxd4 Bxd4 14. Rd1 Qb6 15. e3 Bg7 16. Nc3 Bg4 17. Rdb1 Bd7 18. Bc4 Rac8 19. Bxb5 Be6 20. Qa4 Qc5 21. Ne4 Qf5 22. Rd1 Bxb2 23. Rab1 Ra8 24. Qb4 Ba3 25. Qd4 Qh5 26. Rd2 Rac8 27. Be2 Qa5 28. Rb5 Qc7 29. Ng5 Bf5 30. Rxf5 Rfd8 31. Rd5 Rxd5 32. Qxd5 e6 33. Qd7 1-0

[Event "Opole Termika Blitz op"]
[Site "Opole"]
[Date "2021.07.18"]
[Round "3"]
[White "Szadkowski, Krzysztof"]
[Black "Kuzmicz, Krystian"]
[Result "0-1"]
[WhiteElo "2089"]
[BlackElo "2469"]
[PlyCount "84"]
[EventDate "2021.07.18"]
[EventType "swiss (blitz)"]
[EventRounds "13"]
[EventCountry "POL"]
[SourceTitle "CBM 203 Extra"]
[Source "ChessBase"]
[SourceDate "2021.09.30"]
[SourceVersion "1"]
[SourceVersionDate "2021.09.30"]
[SourceQuality "1"]

1. e4 c5 2. Nf3 e6 3. c3 b6 4. d4 Bb7 5. Bd3 Nf6 6. Qe2 d6 7. 0-0 Be7 8. Bf4 Nbd7 9. Rd1 Qc7 10. Na3 a6 11. Bg3 Nh5 12. dxc5 Nxg3 13. hxg3 Nxc5 14. Bc2 b5 15. e5 Bxf3 16. Qxf3 d5 17. Re1 Nd7 18. Qg4 g6 19. Qf4 Bf8 20. Bb3 Nc5 21. Qf6 Rg8 22. Nc2 Qe7 23. Qf3 Bg7 24. Rad1 Rd8 25. Nd4 Qc7 26. Qe3 Nd7 27. f4 h5 28. a4 bxa4 29. Bxa4 Bf8 30. Qd3 Qb6 31. Kh2 Be7 32. b4 Rc8 33. Bb3 Kf8 34. g4 hxg4 35. Kg3 Rh8 36. Rh1 Kg7 37. Bxd5 exd5 38. e6 fxe6 39. Rde1 Nf8 40. Qe2 Rxh1 41. Rxh1 Rxc3+ 42. Kxg4 Qxd4 0-1

[Event "Opole Termika Rapid op"]
[Site "Opole"]
[Date "2021.07.17"]
[Round "8"]
[White "Lubczynski, Rafal"]
[Black "Szadkowski, Krzysztof"]
[Result "1-0"]
[WhiteElo "2429"]
[BlackElo "2089"]
[PlyCount "35"]
[EventDate "2021.07.17"]
[EventType "swiss (rapid)"]
[EventRounds "9"]
[EventCountry "POL"]
[SourceTitle "CBM 203 Extra"]
[Source "ChessBase"]
[SourceDate "2021.09.30"]
[SourceVersion "1"]
[SourceVersionDate "2021.09.30"]
[SourceQuality "1"]

1. Nf3 Nf6 2. c4 c5 3. g3 g6 4. Bg2 Bg7 5. 0-0 0-0 6. d4 cxd4 7. Nxd4 Nc6 8. Nc2 d6 9. Nc3 a6 10. b3 Ne4 11. Nxe4 Bxa1 12. Nxa1 Bf5 13. Bb2 Qd7 14. Qd2 Rad8 15. Rd1 b5 16. Qh6 f6 17. Ng5 e5 18. Bxc6 1-0

[Event "POL-chT 2nd League"]
[Site "Jastrzebia Gora"]
[Date "2019.09.14"]
[Round "8.10"]
[White "Szadkowski, Krzysztof"]
[Black "Chojnacki, Slawomir"]
[Result "0-1"]
[WhiteElo "2138"]
[BlackElo "2218"]
[PlyCount "94"]
[EventDate "2019.09.07"]
[EventType "team-swiss"]
[EventRounds "9"]
[EventCountry "POL"]
[SourceTitle "EXT 2020"]
[Source "ChessBase"]
[SourceDate "2019.10.17"]
[SourceVersion "1"]
[SourceVersionDate "2019.10.17"]
[SourceQuality "1"]
[WhiteTeam "Konin UKS Smecz"]
[BlackTeam "Chroscice Victoria"]
[WhiteTeamCountry "POL"]
[BlackTeamCountry "POL"]

1. e4 c6 2. Nc3 d5 3. Nf3 dxe4 4. Nxe4 Nf6 5. Ng3 Bg4 6. Bc4 e6 7. h3 Bxf3 8. Qxf3 Nbd7 9. Qe2 Qc7 10. 0-0 Bd6 11. Nf5 Bh2+ 12. Kh1 0-0 13. Nxg7 Kxg7 14. g3 Bxg3 15. fxg3 Kh8 16. g4 Qg3 17. Qh2 Ne4 18. b3 Kg8 19. Ba3 Rfd8 20. d3 Qxh2+ 21. Kxh2 Nc3 22. d4 Nb6 23. Bd3 Nb5 24. Bxb5 cxb5 25. Bc5 Nd5 26. c4 bxc4 27. bxc4 Ne3 28. Rf4 b6 29. Be7 Rd7 30. Bf6 Nxc4 31. g5 Ne3 32. h4 Rc8 33. h5 Rc2+ 34. Kh3 Nd5 35. Rg4 Rdc7 36. Be5 R7c3+ 37. Rg3 Rxg3+ 38. Kxg3 h6 39. gxh6 f6 40. Bb8 Rc8 41. Bd6 Kf7 42. a4 a5 43. Kh2 Rh8 44. Rc1 Rxh6 45. Rc8 Rxh5+ 46. Kg3 Rg5+ 47. Kf3 Rg8 0-1

[Event "POL-chT 2nd League"]
[Site "Jastrzebia Gora"]
[Date "2018.09.02"]
[Round "3.6"]
[White "Szadkowski, Krzysztof"]
[Black "Dudzinski, Pawel"]
[Result "1-0"]
[WhiteElo "2145"]
[BlackElo "2217"]
[PlyCount "84"]
[EventDate "2018.09.01"]
[EventType "team-swiss"]
[EventRounds "9"]
[EventCountry "POL"]
[SourceTitle "CBM 186 Extra"]
[Source "ChessBase"]
[SourceDate "2018.08.24"]
[SourceVersion "1"]
[SourceVersionDate "2018.08.24"]
[SourceQuality "1"]
[WhiteTeam "Konin UKS Smecz"]
[BlackTeam "Ostrow Wielkopolski"]
[WhiteTeamCountry "POL"]
[BlackTeamCountry "POL"]

1. e4 c6 2. d4 d5 3. exd5 cxd5 4. c4 Nf6 5. Nc3 g6 6. Qb3 Bg7 7. cxd5 0-0 8. Be2 Nbd7 9. Bf3 Nb6 10. Nge2 Bf5 11. a4 Bd3 12. a5 Bc4 13. Qb4 Bxe2 14. Kxe2 Nbxd5 15. Nxd5 Nxd5 16. Qxb7 e6 17. Rd1 Qd6 18. Qb3 Rab8 19. Qa3 Nb4 20. a6 Rb6 21. Bb7 Qxh2 22. Qh3 Qxh3 23. gxh3 Nd5 24. Ra4 Rd8 25. Kf1 Rb4 26. Rxb4 Nxb4 27. Be3 Nc2 28. Rc1 Nxd4 29. b4 e5 30. Rc7 Bf8 31. Bg5 Re8 32. Bd5 Ne6 33. Bxe6 Rxe6 34. Rxa7 Kg7 35. b5 Rb6 36. Rb7 Bc5 37. Be3 Rxb7 38. axb7 Bd6 39. Ba7 Kf6 40. b8Q Bxb8 41. Bxb8 Ke6 42. b6 Kd5 1-0

[Event "BL2-Nord 1718"]
[Site "Germany"]
[Date "2018.03.18"]
[Round "8.8"]
[White "Szadkowski, Krzysztof"]
[Black "Von Herman, Ulf"]
[Result "0-1"]
[WhiteElo "2138"]
[BlackElo "2349"]
[PlyCount "44"]
[EventDate "2017.10.08"]
[EventType "team-tourn"]
[EventRounds "9"]
[EventCountry "GER"]
[SourceTitle "CBM 183 Extra"]
[Source "ChessBase"]
[SourceDate "2018.04.19"]
[SourceVersion "1"]
[SourceVersionDate "2018.04.19"]
[SourceQuality "1"]
[WhiteTeam "Glueck Auf Ruedersdorf"]
[BlackTeam "Koenig Tegel"]
[WhiteTeamCountry "GER"]
[BlackTeamCountry "GER"]

1. Nf3 Nf6 2. c4 e6 3. g3 d5 4. Bg2 dxc4 5. 0-0 a6 6. a4 b6 7. Qc2 Bb7 8. Qxc4 c5 9. d3 Nbd7 10. Nbd2 Be7 11. b3 0-0 12. Bb2 Nd5 13. Rfc1 Nb4 14. Ne4 Bd5 15. Qc3 Nf6 16. Ne5 Ne8 17. d4 f5 18. Nd2 cxd4 19. Qxd4 Bc5 20. Qf4 Nf6 21. Qh4 Bxg2 22. Kxg2 Qxd2 0-1

[Event "EU-ch blitz"]
[Site "Katowice"]
[Date "2017.12.15"]
[Round "20"]
[White "Szadkowski, Krzysztof"]
[Black "Heinzel, Olaf"]
[Result "0-1"]
[WhiteElo "2138"]
[BlackElo "2360"]
[PlyCount "136"]
[EventDate "2017.12.15"]
[EventType "swiss (blitz)"]
[EventRounds "22"]
[EventCountry "POL"]
[SourceTitle "CBM 182 Extra"]
[Source "ChessBase"]
[SourceDate "2018.02.23"]
[SourceVersion "1"]
[SourceVersionDate "2018.02.23"]
[SourceQuality "1"]

1. e4 d5 2. exd5 Qxd5 3. Nc3 Qd6 4. Nf3 Nf6 5. d4 c6 6. Be3 Bg4 7. Be2 e6 8. Qd2 Qc7 9. 0-0-0 Nbd7 10. Kb1 Bb4 11. Bd3 a5 12. Rhe1 0-0 13. h3 Bxf3 14. gxf3 b5 15. Rg1 Rfc8 16. Bf4 Qa7 17. Be5 g6 18. h4 Nxe5 19. dxe5 Nd5 20. h5 Bxc3 21. bxc3 Qc5 22. hxg6 hxg6 23. Bxg6 Nxc3+ 24. Ka1 Qxe5 25. f4 Qf6 26. Bh5+ Kf8 27. Qd6+ Qe7 28. Qe5 Qa3 29. Qd6+ Qxd6 30. Rxd6 Ke7 31. Rd3 Nd5 32. f5 Nf4 33. f6+ Kxf6 34. Rf3 e5 35. Bg4 Rg8 36. Rfg3 Rad8 37. Bf3 Rxg3 38. fxg3 Nd5 39. Rf1 Ke6 40. Kb2 f5 41. c4 bxc4 42. g4 f4 43. Be4 Ne3 44. Rh1 Nxg4 45. Bxc6 Kf5 46. Rh5+ Kg6 47. Rh4 Kg5 48. Rh7 Nf6 49. Ra7 e4 50. Rxa5+ Kg4 51. Ra6 e3 52. Bg2 Rf8 53. Re6 Kg3 54. Bf1 Ng4 55. Kc3 Kf2 56. Bh3 Nf6 57. Kxc4 Nh5 58. a4 Ng3 59. Bg4 f3 60. a5 Rf4+ 61. Kc5 Rxg4 62. a6 Ra4 63. Kb5 Ra1 64. Kb6 e2 65. a7 e1Q 66. Rxe1 Kxe1 67. Kb7 Rxa7+ 68. Kxa7 f2 0-1

[Event "EU-ch blitz"]
[Site "Katowice"]
[Date "2017.12.15"]
[Round "16"]
[White "Szadkowski, Krzysztof"]
[Black "Jarmula, Lukasz"]
[Result "0-1"]
[WhiteElo "2138"]
[BlackElo "2463"]
[PlyCount "80"]
[EventDate "2017.12.15"]
[EventType "swiss (blitz)"]
[EventRounds "22"]
[EventCountry "POL"]
[SourceTitle "CBM 182 Extra"]
[Source "ChessBase"]
[SourceDate "2018.02.23"]
[SourceVersion "1"]
[SourceVersionDate "2018.02.23"]
[SourceQuality "1"]

1. e4 c5 2. Nf3 d6 3. c3 Nf6 4. Bd3 Nc6 5. 0-0 Bg4 6. Re1 Bxf3 7. Qxf3 g6 8. e5 dxe5 9. Bb5 Qb6 10. Bxc6+ Qxc6 11. Qxc6+ bxc6 12. Rxe5 Nd7 13. Re1 Bg7 14. Na3 Ne5 15. d4 cxd4 16. cxd4 Nd7 17. Bg5 e6 18. Rac1 Bxd4 19. Rxc6 0-0 20. Rd6 Bxb2 21. Nc4 Bf6 22. Bh6 Rfd8 23. Red1 Nb6 24. Nxb6 axb6 25. g3 g5 26. Kg2 Be7 27. Rxd8+ Rxd8 28. Rxd8+ Bxd8 29. f4 g4 30. h3 f5 31. hxg4 fxg4 32. Kf2 Kf7 33. Ke3 Be7 34. f5 exf5 35. Kd4 Bd6 36. Kd5 Bxg3 37. Be3 b5 38. Kc5 f4 39. Bd4 f3 40. Kxb5 f2 0-1

[Event "POL-chT3 Wielkopolskie 1516"]
[Site "Poland"]
[Date "2016.01.17"]
[Round "2.3"]
[White "Szadkowski, Krzysztof"]
[Black "Bajerlein, Dawid"]
[Result "1-0"]
[WhiteElo "2084"]
[BlackElo "2106"]
[PlyCount "69"]
[EventDate "2016.01.10"]
[EventType "team-tourn"]
[EventRounds "11"]
[EventCountry "POL"]
[SourceTitle "EXT 2019"]
[Source "ChessBase"]
[SourceDate "2018.10.10"]
[SourceVersion "1"]
[SourceVersionDate "2018.10.10"]
[SourceQuality "1"]

1. c4 e5 2. Nc3 Nf6 3. g3 d5 4. cxd5 Nxd5 5. Bg2 Nb6 6. d3 Be7 7. Nf3 Nc6 8. 0-0 Be6 9. b3 0-0 10. Bb2 f6 11. Qc2 Nd5 12. Ne4 Ndb4 13. Qc1 Qd5 14. a3 Na6 15. b4 Nd8 16. Nxe5 fxe5 17. Nf6+ gxf6 18. Bxd5 Bxd5 19. e4 Be6 20. f4 Nf7 21. fxe5 fxe5 22. d4 Bg5 23. Qc3 c6 24. h4 Bh6 25. Rf6 Nc7 26. d5 Bd7 27. Rxh6 Nb5 28. Qd2 Nd4 29. Bxd4 exd4 30. Rf6 cxd5 31. Qxd4 Rae8 32. exd5 Ne5 33. Rxf8+ Kxf8 34. Rf1+ Kg8 35. Qf4 1-0

[Event "POL-chT3 Wielkopolskie 1516"]
[Site "Poland"]
[Date "2016.01.10"]
[Round "1.33"]
[White "Szadkowski, Krzysztof"]
[Black "Smagalski, Jaroslaw"]
[Result "0-1"]
[WhiteElo "2084"]
[BlackElo "1890"]
[PlyCount "66"]
[EventDate "2016.01.10"]
[EventType "team-tourn"]
[EventRounds "11"]
[EventCountry "POL"]
[SourceTitle "EXT 2019"]
[Source "ChessBase"]
[SourceDate "2018.10.10"]
[SourceVersion "1"]
[SourceVersionDate "2018.10.10"]
[SourceQuality "1"]

1. d4 Nf6 2. c4 e6 3. Nf3 Bb4+ 4. Bd2 Qe7 5. Qc2 Nc6 6. a3 Bxd2+ 7. Nbxd2 a5 8. e4 d6 9. Bd3 e5 10. d5 Nb8 11. 0-0 0-0 12. b4 axb4 13. axb4 Rxa1 14. Rxa1 b6 15. c5 bxc5 16. bxc5 Nh5 17. Ra7 Nf4 18. Nc4 Qd8 19. Qb1 Nxd3 20. Qxb8 Nxc5 21. Nfd2 Qg5 22. Ne3 Nd3 23. Rxc7 Bh3 24. Qb6 Bxg2 25. h4 Qg6 26. h5 Qg5 27. Qxd6 Bh3+ 28. Kh2 Nxf2 29. Ndf1 Qf4+ 30. Kg1 Nxe4 31. Qa6 Qf2+ 32. Kh1 Ng5 33. Rc2 Bxf1 0-1

[Event "POL-chT 2nd League"]
[Site "Jastrzebia Gora"]
[Date "2015.09.06"]
[Round "2.69"]
[White "Szadkowski, Krzysztof"]
[Black "Borawski, Jakub"]
[Result "0-1"]
[WhiteElo "2107"]
[BlackElo "2020"]
[PlyCount "84"]
[EventDate "2015.09.05"]
[EventType "team-swiss"]
[EventRounds "9"]
[EventCountry "POL"]
[SourceTitle "EXT 2017"]
[Source "ChessBase"]
[SourceDate "2016.10.25"]
[SourceVersion "1"]
[SourceVersionDate "2016.10.25"]
[SourceQuality "1"]
[WhiteTeam "Konin UKS Smecz"]
[BlackTeam "Bialystok MUKS Stoczek 45"]
[WhiteTeamCountry "POL"]
[BlackTeamCountry "POL"]

1. e4 e5 2. Nf3 Nc6 3. Bb5 a6 4. Ba4 Nf6 5. 0-0 Be7 6. d4 b5 7. Bb3 d6 8. dxe5 dxe5 9. Qxd8+ Bxd8 10. Be3 Bb7 11. Nbd2 Be7 12. c3 0-0 13. Rfe1 Ng4 14. Bg5 Bxg5 15. Nxg5 Ne7 16. Ndf3 Ng6 17. Rad1 Nf6 18. h4 Bc6 19. Bd5 Bxd5 20. exd5 h6 21. Nh3 Rfe8 22. g3 Rad8 23. c4 bxc4 24. Rc1 e4 25. Nd2 Ne5 26. Rc2 Rxd5 27. Re2 Rd4 28. Kg2 Red8 29. Nf4 Nd3 30. Nxc4 Nxf4+ 31. gxf4 Nh5 32. Red2 Nxf4+ 33. Kh2 Rxd2 34. Nxd2 f5 35. Nb3 Rd3 36. Rc5 Rf3 37. Rxf5 Rxf2+ 38. Kg3 Rf3+ 39. Kh2 e3 40. Re5 Rh3+ 41. Kg1 Rg3+ 42. Kh1 Nd3 0-1

[Event "POL-chT 2nd League"]
[Site "Jastrzebia Gora"]
[Date "2015.09.05"]
[Round "1.9"]
[White "Swic, Waldemar"]
[Black "Szadkowski, Krzysztof"]
[Result "1-0"]
[WhiteElo "2345"]
[BlackElo "2107"]
[PlyCount "123"]
[EventDate "2015.09.05"]
[EventType "team-swiss"]
[EventRounds "9"]
[EventCountry "POL"]
[SourceTitle "EXT 2017"]
[Source "ChessBase"]
[SourceDate "2016.10.25"]
[SourceVersion "1"]
[SourceVersionDate "2016.10.25"]
[SourceQuality "1"]
[WhiteTeam "Lodz Okucia Budowlane"]
[BlackTeam "Konin UKS Smecz"]
[WhiteTeamCountry "POL"]
[BlackTeamCountry "POL"]

1. e4 e5 2. Nf3 Nc6 3. Bb5 a6 4. Bxc6 dxc6 5. 0-0 Bg4 6. h3 Bxf3 7. Qxf3 Qf6 8. Qxf6 Nxf6 9. d3 c5 10. Bg5 Nd7 11. Nd2 f6 12. Be3 g5 13. g3 0-0-0 14. Rae1 Rg8 15. Kh2 b5 16. h4 gxh4 17. gxh4 Nb6 18. b3 Bd6 19. Rg1 Kd7 20. Rxg8 Rxg8 21. Rg1 Rxg1 22. Kxg1 Ke6 23. c4 c6 24. h5 Na8 25. f3 Nc7 26. Nf1 Kf7 27. Ng3 Ne6 28. Nf5 Bf8 29. Kg2 Ng7 30. Ng3 Ne6 31. Kh3 Nd8 32. Nf5 Ne6 33. Kg4 Nd8 34. f4 Ke6 35. fxe5 fxe5 36. Nh4 Be7 37. Nf3 Nf7 38. Bc1 Bd8 39. Bd2 Be7 40. Be3 b4 41. Ng1 Bf8 42. Nh3 Be7 43. Nf2 Bf8 44. Nd1 Nh6+ 45. Kh3 Ng8 46. Bg5 Be7 47. Kg4 Bxg5 48. Kxg5 Nf6 49. Ne3 Ng8 50. Ng4 a5 51. h6 Ne7 52. Nf6 Ng6 53. Nxh7 Nf4 54. Nf6 Kf7 55. Nh5 Ne6+ 56. Kf5 Nd4+ 57. Kxe5 Kg6 58. Ng3 Kh7 59. Kd6 Nxb3 60. axb3 a4 61. bxa4 b3 62. Ne2 1-0

[Event "POL-chT 2nd League"]
[Site "Szczyrk"]
[Date "2014.09.11"]
[Round "6.21"]
[White "Protaziuk, Grzegorz"]
[Black "Szadkowski, Krzysztof"]
[Result "1/2-1/2"]
[WhiteElo "2367"]
[BlackElo "2138"]
[PlyCount "123"]
[EventDate "2014.09.06"]
[EventType "team-swiss"]
[EventRounds "9"]
[EventCountry "POL"]
[SourceTitle "EXT 2015"]
[Source "ChessBase"]
[SourceDate "2014.11.20"]
[SourceVersion "1"]
[SourceVersionDate "2014.11.20"]
[SourceQuality "1"]
[WhiteTeam "Miedzyborow Wrzos"]
[BlackTeam "Konin UKS Smecz"]
[WhiteTeamCountry "POL"]
[BlackTeamCountry "POL"]

1. Nf3 Nf6 2. c4 e6 3. Nc3 d5 4. d4 c6 5. Bf4 dxc4 6. a4 Bb4 7. Ne5 b5 8. g3 Ne4 9. Rc1 f6 10. Nf3 Bb7 11. Bg2 a6 12. Qc2 Nxc3 13. bxc3 Bd6 14. Bxd6 Qxd6 15. Nd2 Qe7 16. Rb1 c5 17. Bxb7 Qxb7 18. 0-0 cxd4 19. Nxc4 Qc6 20. Na5 Qxc3 21. Qe4 Ra7 22. Rfc1 Qxa5 23. Rc8+ Kd7 24. Rxh8 Nc6 25. Rc1 Rc7 26. Rxh7 Qd2 27. Rb1 f5 28. Qf3 Kd6 29. axb5 axb5 30. Rxb5 Ra7 31. Rb6 Qc1+ 32. Kg2 Qc5 33. Rb1 Ne5 34. Qb3 Qd5+ 35. Qxd5+ Kxd5 36. h4 Ra2 37. Kf1 d3 38. exd3 Nxd3 39. Rxg7 Ke4 40. Rb3 Rxf2+ 41. Kg1 Ra2 42. Rgb7 f4 43. gxf4 Nxf4 44. Rb2 Ra1+ 45. Kh2 e5 46. Rg7 Ne6 47. Rg3 Ra7 48. Re2+ Kf4 49. Rf2+ Ke4 50. Rg6 Nd4 51. Kg3 Ra1 52. h5 Ke3 53. Rh2 Nf3 54. Rg2 Rh1 55. Rf6 e4 56. h6 Rh5 57. Rg6 Ne5 58. Rf6 Rg5+ 59. Kh2 Rh5+ 60. Kg3 Rg5+ 61. Kh2 Rh5+ 62. Kg3 1/2-1/2

[Event "POL-chT3 Wielkopolskie 1314"]
[Site "Poland"]
[Date "2014.01.05"]
[Round "5.8"]
[White "Jarmuzek, Karolina"]
[Black "Szadkowski, Krzysztof"]
[Result "1/2-1/2"]
[WhiteElo "1685"]
[BlackElo "2161"]
[PlyCount "72"]
[EventDate "2013.10.27"]
[EventType "team-tourn"]
[EventRounds "11"]
[EventCountry "POL"]
[SourceTitle "EXT 2015"]
[Source "ChessBase"]
[SourceDate "2014.11.20"]
[SourceVersion "1"]
[SourceVersionDate "2014.11.20"]
[SourceQuality "1"]
[WhiteTeam "Poznan UMKS Na Pieterku"]
[BlackTeam "Konin UKS Smecz"]
[WhiteTeamCountry "POL"]
[BlackTeamCountry "POL"]

1. e4 Nf6 2. e5 Nd5 3. d4 d6 4. c4 Nb6 5. exd6 exd6 6. h3 Be7 7. Nf3 0-0 8. Bd3 Nc6 9. Nc3 Bf6 10. 0-0 g6 11. Bh6 Re8 12. d5 Ne5 13. Nxe5 Bxe5 14. Qd2 Bd7 15. Rae1 Qh4 16. Ne4 Bxh3 17. gxh3 f5 18. Qg5 Qxh3 19. Ng3 Kf7 20. Be2 Bf6 21. Qd2 Nd7 22. b4 Ne5 23. c5 Kg8 24. Bg5 Bg7 25. cxd6 cxd6 26. Rc1 h6 27. Be3 Re7 28. Rc2 Ng4 29. Bxg4 Qxg4 30. Rfc1 Rae8 31. Rc4 Re4 32. Rxe4 Rxe4 33. Rc8+ Kh7 34. Rc7 Kg8 35. Rc8+ Kh7 36. Rc7 Kg8 1/2-1/2

[Event "POL-chT 3rd League Wielkopolska 12/13"]
[Site "Poznan"]
[Date "2013.03.10"]
[Round "10.32"]
[White "Kaluzny, Lukasz"]
[Black "Szadkowski, Krzysztof"]
[Result "1-0"]
[WhiteElo "1979"]
[BlackElo "2154"]
[PlyCount "99"]
[EventDate "2012.11.25"]
[EventType "team-tourn"]
[EventRounds "11"]
[EventCountry "POL"]
[SourceTitle "EXT 2014"]
[Source "ChessBase"]
[SourceDate "2013.11.20"]
[SourceVersion "1"]
[SourceVersionDate "2013.11.20"]
[SourceQuality "1"]
[WhiteTeam "Poznan Politechnika II"]
[BlackTeam "Konin UKS Smecz"]
[WhiteTeamCountry "POL"]
[BlackTeamCountry "POL"]

1. d4 c5 2. c3 cxd4 3. cxd4 Nf6 4. Nf3 d6 5. Nc3 Bf5 6. e3 g6 7. Bd3 Bxd3 8. Qxd3 Bg7 9. 0-0 0-0 10. Rb1 Nbd7 11. b3 Rc8 12. Bb2 a6 13. Rbc1 b5 14. Ne4 Nd5 15. Rxc8 Qxc8 16. a3 Qb7 17. Rc1 Rc8 18. Nc3 Nxc3 19. Rxc3 Rxc3 20. Qxc3 Nc5 21. Nd2 Ne4 22. Nxe4 Qxe4 23. g3 h5 24. h4 Kh7 25. Qc1 Bf6 26. Bc3 Qd3 27. Kg2 g5 28. hxg5 Bxg5 29. Qd2 Qe4+ 30. Kh2 h4 31. f4 hxg3+ 32. Kxg3 Bf6 33. b4 Kg6 34. Qe2 Qc6 35. Be1 Qc1 36. Kg2 Kg7 37. Bf2 d5 38. Qf3 e6 39. f5 exf5 40. Qxf5 Qc6 41. Kf3 Qe6 42. Qg4+ Qxg4+ 43. Kxg4 Kg6 44. Kf4 Bg7 45. e4 Bh6+ 46. Ke5 dxe4 47. Kxe4 Kf6 48. Kd5 Ke7 49. Kc6 Bc1 50. d5 1-0

[Event "POL-chT 3rd League Wielkopolska 12/13"]
[Site "Poznan"]
[Date "2013.02.24"]
[Round "9.2"]
[White "Szadkowski, Krzysztof"]
[Black "Wloch, Roman"]
[Result "1-0"]
[WhiteElo "2154"]
[BlackElo "1697"]
[PlyCount "87"]
[EventDate "2012.11.25"]
[EventType "team-tourn"]
[EventRounds "11"]
[EventCountry "POL"]
[SourceTitle "EXT 2014"]
[Source "ChessBase"]
[SourceDate "2013.11.20"]
[SourceVersion "1"]
[SourceVersionDate "2013.11.20"]
[SourceQuality "1"]
[WhiteTeam "Konin UKS Smecz"]
[BlackTeam "Jarocin JKSW"]
[WhiteTeamCountry "POL"]
[BlackTeamCountry "POL"]

1. e4 e6 2. d4 d5 3. exd5 exd5 4. Nf3 Bd6 5. c4 c6 6. Nc3 Ne7 7. Qb3 Qb6 8. Qxb6 axb6 9. cxd5 Nxd5 10. Nxd5 cxd5 11. Bd3 Nc6 12. h3 Bd7 13. Bd2 0-0 14. 0-0 Rfc8 15. a3 Na5 16. Bxa5 bxa5 17. Ne5 Be8 18. Bf5 Rc7 19. Rac1 Bxe5 20. dxe5 Rxc1 21. Rxc1 Bc6 22. Rc5 a4 23. Bd3 Kf8 24. f4 Ke7 25. Kf2 g6 26. Ke3 Kd7 27. Kd4 b6 28. Rc2 Ra7 29. Be2 Rc7 30. Bf3 Bb5 31. Rxc7+ Kxc7 32. Bxd5 Be8 33. Kc4 Kd8 34. Kb4 Ke7 35. Be4 Ke6 36. Bc2 Bc6 37. g3 Bg2 38. h4 Bc6 39. Bxa4 Bxa4 40. Kxa4 Kf5 41. Kb5 Kg4 42. Kxb6 Kxg3 43. a4 Kxf4 44. a5 1-0